'Z' Blitz Quiz Stats

 Plays Quiz Updated Oct 12, 2017

Also try: 'A' Blitz
Challenge
Share
Tweet
Embed
Score 0/40 Timer 04:00
13 Plays Today
Category Answer % Correct
Greek GodZeus
97.9%
'Undead' CreatureZombie
84.1%
NumberZero
83.8%
Clothes FastenerZipper
82.9%
African CountryZimbabwe
81.6%
Fruit/VegetableZucchini
79.7%
Greek LetterZeta
79.7%
Antonio Banderas CharacterZorro
76.5%
Dance/Fitness ClassZumba
75.3%
Facebook Executive (surname)Zuckerberg
73.6%
Ben Stiller MovieZoolander
70.3%
US President (first name)Zachary
70%
Nintendo HeroineZelda
68.9%
Buddhist DoctrineZen
64.7%
African Tribe/Ethnic GroupZulu
64.3%
ElementZinc
62.3%
AirshipZeppelin
61.2%
Chicago Actress (surname)Zellweger
59.6%
Ice ResurfacerZamboni
55.6%
Marx BrotherZeppo
46.8%
Category Answer % Correct
Equid (horse family)Zebra
46.4%
Swiss Canton (state)Zurich
43.2%
European CapitalZagreb
43%
High School Musical Actor (full name)Zac Efron
43%
Major World RiverZambezi
42.1%
Rock Band (20m+ sales)ZZ Top
37.9%
UEFA Club Footballer of the YearZinedine Zidane
33%
(Regional) WindZephyr
32.6%
US National ParkZion
30.9%
Queen Elizabeth II GranddaughterZara
26.9%
Chinese President/PremierZhao Ziyang
26.6%
Musical InstrumentZither
25.3%
Futurama CharacterZoidberg
25.3%
Book of the BibleZephaniah
22.9%
Toy Story VillainZurg
22.3%
World ReligionZoroastrianism
18.8%
'Classic' French Author (surname)Zola
17.4%
European CurrencyZloty
16.7%
Harry Potter ShopZonko's Joke Shop
16.6%
Ghostbuster (surname)Zeddemore
5.4%

You're not logged in!

Compare scores with friends on all Sporcle quizzes.
Join for Free
OR
Log In

You Might Also Like...

Show Comments

Extras

Top Quizzes Today


Score Distribution

Your Account Isn't Verified!

In order to create a playlist on Sporcle, you need to verify the email address you used during registration. Go to your Sporcle Settings to finish the process.

Report this User

Report this user for behavior that violates our Community Guidelines.

Details: